Сравнительный анализ отказоустойчивого управления асинхронного и вентильно-индукторного электропривода; Интеллектуальные энергосистемы; Т. 2

Podrobná bibliografie
Parent link:Интеллектуальные энергосистемы: труды IV Международного молодёжного форума, 10-14 октября 2016 г., г. Томск/ Национальный исследовательский Томский политехнический университет (ТПУ), Энергетический институт (ЭНИН).— , 2016
Т. 2.— 2016.— [С. 89-93]
Korporativní autor: Национальный исследовательский Томский политехнический университет (ТПУ) Энергетический институт (ЭНИН) Кафедра электропривода и электрооборудования (ЭПЭО)
Další autoři: Однокопылов И. Г. Иван Георгиевич (научный руководитель), Розаев И. А. Иван Андреевич, Брагин А. Д. Александр Дмитриевич, Сенькив Е. П.
Shrnutí:Заглавие с титульного экрана
Jazyk:ruština
Vydáno: 2016
Edice:Электрический привод
Témata:
On-line přístup:http://earchive.tpu.ru/handle/11683/36383
Médium: Elektronický zdroj Kapitola
KOHA link:https://koha.lib.tpu.ru/cgi-bin/koha/opac-detail.pl?biblionumber=621578

MARC

LEADER 00000naa2a2200000 4500
001 621578
005 20240109130337.0
035 |a (RuTPU)RU\TPU\conf\20194 
035 |a RU\TPU\conf\20191 
090 |a 621578 
100 |a 20170112d2016 k y0rusy50 ca 
101 0 |a rus 
102 |a RU 
105 |a y z 101zy 
135 |a drcn ---uucaa 
181 0 |a i  
182 0 |a b 
200 1 |a Сравнительный анализ отказоустойчивого управления асинхронного и вентильно-индукторного электропривода  |f И. Г. Однокопылов [и др.]  |g науч. рук. И. Г. Однокопылов 
203 |a Текст  |c электронный 
225 1 |a Электрический привод 
300 |a Заглавие с титульного экрана 
320 |a [Библиогр.: с. 92-93 (9 назв.)] 
461 1 |0 (RuTPU)RU\TPU\conf\20053  |t Интеллектуальные энергосистемы  |o труды IV Международного молодёжного форума, 10-14 октября 2016 г., г. Томск  |o в 3 т.  |f Национальный исследовательский Томский политехнический университет (ТПУ), Энергетический институт (ЭНИН)  |d 2016 
463 1 |0 (RuTPU)RU\TPU\conf\20055  |t Т. 2  |v [С. 89-93]  |d 2016 
610 1 |a труды учёных ТПУ 
610 1 |a электронный ресурс 
610 1 |a сравнительный анализ 
610 1 |a отказоустойчивое управление 
610 1 |a асинхронные электроприводы 
610 1 |a вентильно-индукторные электроприводы 
610 1 |a аварийные ситуации 
610 1 |a живучесть 
610 1 |a резервирование 
610 1 |a работоспособность 
701 1 |a Однокопылов  |b И. Г.  |c специалист в области электротехники  |c доцент Томского политехнического университета, кандидат технических наук  |f 1983-  |g Иван Георгиевич  |3 (RuTPU)RU\TPU\pers\27975  |9 12965 
701 1 |a Розаев  |b И. А.  |c специалист в области электротехники  |c инженер Томского политехнического университета  |f 1991-  |g Иван Андреевич  |3 (RuTPU)RU\TPU\pers\35699  |9 18859 
701 1 |a Брагин  |b А. Д.  |c специалист в области электротехники  |c лаборант Томского политехнического университета  |g Александр Дмитриевич  |3 (RuTPU)RU\TPU\pers\35697 
701 1 |a Сенькив  |b Е. П. 
702 1 |a Однокопылов  |b И. Г.  |c специалист в области электротехники  |c доцент Томского политехнического университета, кандидат технических наук  |f 1983-  |g Иван Георгиевич  |4 727 
712 0 2 |a Национальный исследовательский Томский политехнический университет (ТПУ)  |b Энергетический институт (ЭНИН)  |b Кафедра электропривода и электрооборудования (ЭПЭО)  |3 (RuTPU)RU\TPU\col\18674 
801 2 |a RU  |b 63413507  |c 20170124  |g RCR 
856 4 |u http://earchive.tpu.ru/handle/11683/36383 
942 |c BK